00000000nam##2200000za#4500
0019.528966
003CaOODSP
00520200325194635
007ta
008150406|1999||||xxc|||||     f|0| 0 eng|d
020 |a0-660-59328-9
040 |aCaOODSP|beng
041 |aeng
041 |afre
043 |an-cn---
0861 |aCS95-193
24500|aProfile of census divisions and subdivisions in the Northwest Territories
260 |aOttawa - Ontario : |bStatistics Canada. |c1999.
300 |a166p. ; |c28 cm.
4901 |a96 Census: Area profile series
563 |aSoftcover
590 |a99-08|b1999-02-26
7101 |aCanada.|bStatistics Canada. |bCensus.
792 |tProfil des divisions et subdivisions de recensement des Territoires du Nord-ouest|efre|w(CaOODSP)9.528967
830#0|a96 Census: Area profile series.|w(CaOODSP)9.509190